书目信息 |
| 书名: | SIDDHARTHA | |
| 作者: | HILDA ROSNER | |
| 分册号: | ||
| 分册名: | 出版地: | NEW YORK |
|
| 出版社: | BANTAM BOOKS | |
| 出版时间: | 1951 | |
| 页数: | 152P | |
| 开本: | 18CM | |
| 丛书名: | ||
| 中图分类号: | ||
| 科图分类号: | ||
| 其他分类号: | I712.4 | |
| 主题词: | ||
| 电子资源: | ||
| 000 | 00356nam0 2200133 450 | |
| 001 | 202012000521 | |
| 005 | 20121107151705.0 | |
| 008 | 12102201s | |
| 020 | @a9780553208849@c$6.99 | |
| 099 | @dI712.4@eH543 | |
| 245 | @aSIDDHARTHA@cHILDA ROSNER | |
| 260 | 0 | @aNEW YORK@bBANTAM BOOKS@c1951 |
| 300 | @a152P@c18CM | |
| 905 | @aTSG@b8484-5@dI712.4@eH543 | |
| SIDDHARTHA / HILDA ROSNER.-NEW YORK : BANTAM BOOKS , 1951 |
| 152P ; 18CM |
| ISBN 9780553208849$6.99 |
| ● |
| 相关链接 |
|
|
|
正题名:SIDDHARTHA
索取号:I712.4/H543
 
预约/预借
| 序号 | 登录号 | 条形码 | 馆藏地/架位号 | 状态 | 备注 |
| 1 | 8484 | 300084842 | 文学库116/400A自科库 18排3列6层/ [索取号:I712.4/H543] | 在馆 | |
| 2 | 8485 | 300084851 | 文学库116/400A自科库 18排3列6层/ [索取号:I712.4/H543] | 在馆 |